Anleitung zur Bestimmung des wirksamen Gerbstoffgehaltes in den Naturgerbstoffen. Nach den neuesten Erfahrungen für Inhaber und Leiter von Lederfabriken und Gerbereien, sowie für Gerbstoffhändler und Forstbeamte
| Diğer Yazarlar: | |
|---|---|
| Özet: | Напечатано готическим шрифтом В описании используется грамматика 19 века Раздельная пагинация страниц |
| Dil: | Almanca |
| Baskı/Yayın Bilgisi: |
Wien, A. Hartleben's Verlag, 1891
|
| Seri Bilgileri: | A. Hartleben's chemisch-technische Bibliothek |
| Konular: | |
| Materyal Türü: | Kitap |
| KOHA link: | https://koha.lib.tpu.ru/cgi-bin/koha/opac-detail.pl?biblionumber=680370 |
MARC
| LEADER | 00000nam0a2200000 4500 | ||
|---|---|---|---|
| 001 | 680370 | ||
| 005 | 20250603154251.0 | ||
| 090 | |a 680370 | ||
| 100 | |a 20250528d1891 km|y0rusy50 ba | ||
| 101 | 0 | |a ger | |
| 102 | |a DE | ||
| 105 | |a y z 001yy | ||
| 181 | 0 | |a i |b e | |
| 182 | 0 | |a n | |
| 183 | 0 | |a nc |2 RDAcarrier | |
| 200 | 1 | |a Anleitung zur Bestimmung des wirksamen Gerbstoffgehaltes in den Naturgerbstoffen. Nach den neuesten Erfahrungen für Inhaber und Leiter von Lederfabriken und Gerbereien, sowie für Gerbstoffhändler und Forstbeamte |f bearbeitet von Carl Scherk jun. | |
| 203 | |a Текст |b визуальный |c непосредственный | ||
| 210 | |a Wien |a Pest |a Leipzig |c A. Hartleben's Verlag |d 1891 | ||
| 215 | |a [16], VIII, 70 S. | ||
| 225 | 1 | |a A. Hartleben's chemisch-technische Bibliothek | |
| 283 | |a volume |2 RDAcarrier | ||
| 300 | |a Напечатано готическим шрифтом | ||
| 300 | |a В описании используется грамматика 19 века | ||
| 300 | |a Раздельная пагинация страниц | ||
| 316 | |5 63413507: 10722 |a На переднем форзаце книготорговая марка: Polytechnische Buchhandlung A. Saydel №9 Mohken-Strasse №9 Berlin W. | ||
| 317 | |5 63413507: 10722 |a Поступил в НТБ в 1910 г. в составе книжного собрания профессора ТТИ А. Э. Сабека | ||
| 320 | |a Alphabetisches Sachregister: S. 68-70 | ||
| 512 | 1 | |a Bestimmung des Gerbstoffgehaltes |z ger | |
| 541 | 1 | |a Руководство по определению эффективного содержания танина в природных дубильных веществах. |z rus | |
| 606 | |a Дубильные материалы синтетические |9 37339 | ||
| 606 | |a Растительные вещества |x Химия |9 48428 | ||
| 610 | 1 | |a дубильные вещества | |
| 610 | 1 | |a таниты | |
| 610 | 1 | |a содержание | |
| 610 | 1 | |a определение | |
| 610 | 1 | |a методы | |
| 610 | 1 | |a химический анализ | |
| 610 | 1 | |a пробы | |
| 610 | 1 | |a лабораторное оборудование | |
| 610 | 1 | |a инструменты | |
| 610 | 1 | |a Коллекция А. Э. Сабека | |
| 610 | 1 | |a немецкий язык | |
| 675 | |a 675 |v 4 | ||
| 675 | |a 547.9 |v 4 | ||
| 702 | 1 | |4 340 |a Jun |b C. S. |g Carl Scherk | |
| 801 | 0 | |a RU |b 63413507 |c 20250528 | |
| 830 | |a Ретро2025Каталогизация Кузнецова (РФ) | ||
| 850 | |a 63413507 | ||
| 942 | |c BK | ||